000 00764nam a2200241 a 4500
001 BRCA_7749
005 20190320205957.0
008 120913s1955----enka######---#000-0#eng-#
041 _aeng
044 _aenk
050 4 _aNK9601.5
_b.F54 1955
245 1 0 _aFifty masterpieces of woodwork
_cVictoria and Albert Museum.
260 _aLondres
_bH. M. Stationery Off
_c1955
300 _a1 v. (sin paginación)
_bil., 50 láminas
_c15 cm.
500 _aVer también U77, U78, U79, y U80
500 _aU102
650 1 4 _aTrabajos en madera
_vExposiciones
_919178
650 1 4 _aGalerías y museos
_zInglaterra
_919179
650 1 4 _aTrabajos en madera
_vCatálogos
_919180
710 2 _aVictoria and Albert Museum (Londres)
_919181
902 _aGFM
942 _2lcc
_cB
999 _c7423
_d7423